header

Teaching reading in middle school / (Record no. 255935)

MARC details
000 -LEADER
fixed length control field 01032cam a2200289 a 4500
001 - CONTROL NUMBER
control field 12238424
003 - CONTROL NUMBER IDENTIFIER
control field OSt
005 - DATE AND TIME OF LATEST TRANSACTION
control field 20170302121314.0
008 - FIXED-LENGTH DATA ELEMENTS--GENERAL INFORMATION
fixed length control field 001122s2000 nyua b 001 0 eng d
010 ## - LIBRARY OF CONGRESS CONTROL NUMBER
LC control number 00711796
020 ## - INTERNATIONAL STANDARD BOOK NUMBER
International Standard Book Number 0590685600 (pbk.)
035 ## - SYSTEM CONTROL NUMBER
System control number (OCoLC)ocm44805905
040 ## - CATALOGING SOURCE
Original cataloging agency ZQP
Transcribing agency ZQP
Modifying agency DLC
042 ## - AUTHENTICATION CODE
Authentication code lccopycat
050 00 - LIBRARY OF CONGRESS CALL NUMBER
Classification number LB1632
Item number .R59 2000
082 00 - DEWEY DECIMAL CLASSIFICATION NUMBER
Classification number 428.4/071/2
Edition number 21
100 1# - MAIN ENTRY--PERSONAL NAME
Personal name Robb, Laura.
245 10 - TITLE STATEMENT
Title Teaching reading in middle school /
Statement of responsibility, etc by Laura Robb ; [foreword by P. David Pearson ; photographs by Bonnie Forstrum Jacobs].
260 ## - PUBLICATION, DISTRIBUTION, ETC. (IMPRINT)
Place of publication, distribution, etc New York :
Name of publisher, distributor, etc Scholastic Professional Books,
Date of publication, distribution, etc c2000.
300 ## - PHYSICAL DESCRIPTION
Extent 318 p. :
Other physical details ill. ;
Dimensions 24 cm.
504 ## - BIBLIOGRAPHY, ETC. NOTE
Bibliography, etc Includes bibliographical references (p. 279-284) and index.
650 #0 - SUBJECT ADDED ENTRY--TOPICAL TERM
Topical term or geographic name as entry element Reading (Middle school)
Topical term or geographic name as entry element Middle school students
General subdivision Books and reading.
906 ## - LOCAL DATA ELEMENT F, LDF (RLIN)
a 7
b cbc
c copycat
d 2
e ncip
f 20
g y-gencatlg
942 ## - ADDED ENTRY ELEMENTS (KOHA)
Source of classification or shelving scheme Library of Congress Classification
Koha item type Long Loan Books
Holdings
Withdrawn status Lost status Source of classification or shelving scheme Damaged status Not for loan Collection code Home library Current library Shelving location Date acquired Total Checkouts Full call number Barcode Date last seen Price effective from Koha item type Checked out Date checked out
    Library of Congress Classification     Non-fiction Rongo University Library Rongo University Library General Stacks 02/03/2017   LB1632 .R59 2000 201618039 02/03/2017 02/03/2017 Long Loan Books    
    Library of Congress Classification     Non-fiction Rongo University Library Sori Campus General Stacks 31/10/2018 2 LB1632 .R59 2000 20155967 24/06/2025 31/10/2018 Long Loan Books 01/07/2026 24/06/2025

© 2026 Rongo University
Contact us: librarian | system librarian | Rongo university